000 00555cam a2200229 i 4500
001 374584
005 20180223065844.0
008 780421s1978 paua b 001 0 eng
010 _a 78008518
020 _a0397520867
040 _aDLC
_cDLC
_dDLC
041 _aeng
060 _aQU4.3 B575b
080 _a574.192
082 0 0 _a574.192 BHA
100 1 _a5
101 _aBIOK
245 1 0 _aBiochemistry /
_cN. V. Bhagavan.
504 _aBibliography: p. 1287-1334.
906 _a7
_bcbc
_corignew
_d1
_eocip
_f19
_gy-gencatlg
942 _2ddc
_cBK
999 _c43228
_d43228